Elements by Letter - H - Statistics

General Stats
  • This quiz has been taken 144 times
  • The average score is 4 of 5
Answer Stats
Elements % Correct
Helium
97%
Hydrogen
97%
Hafnium
72%
Hassium
63%
Holmium
63%
No matching quizzes found
Score Distribution
Percent of People with Each Score
Percentile by Number Answered
Your Score History
You have not taken this quiz